Detalles MARC
| 000 -LIDER |
| fixed length control field |
01608nam a22002897a 4500 |
| 001 - NÚMERO DE CONTROL |
| Identificador de número de control |
000688 |
| 003 - IDENTIFICACDOR DE NÚMERO DE CONTROL |
| control field |
DO-SdBNP |
| 005 - DATE AND TIME OF LATEST TRANSACTION |
| control field |
20240723095931.0 |
| 007 - CAMPOS FIJOS DE DESCRIPCIÓN FÍSICA |
| fixed length control field |
000688 |
| 008 - ELEMENTOS DE LONGITUD FIJA |
| fixed length control field |
151217b 1981 mx ac 00| 0 spa d |
| 020 ## - ISBN |
| International Standard Book Number |
0816399786 |
| 040 ## - FUENTE DE CATALOGACIÓN |
| Agencia que crea de manera original el registro |
BPMSU |
| Idioma de catalogación |
spa |
| Agencia que realiza la transcripción |
BPMSU |
| 082 #4 - NÚMERO DE CLASIFICACIÓN DECIMAL DE DEWEY |
| Classification number |
305.4 |
| Item number |
K69j 1981 |
| Edition number |
22 |
| 100 1# - ASIENTO PRINCIPAL -- NOMBRE PERSONAL |
| Nombre personal |
Knight, Juan F. |
| Títulos u otras palabras asociadas con el nombre |
|
| 245 13 - MENCIÓN DE TITULO |
| Título |
La joven moderna y el sexo |
| Subtítulo |
soluciones a problemas personales / |
| Mención de responsabilidad |
Juan F. Knight ; traducción Juan José Suárez |
| 260 ## - PUBLICACIÓN, DISTRIBUCIÓN, ETC. (PIE DE IMPRENTA) |
| Lugar de publicación, distribución, etc |
Nuevo León, México : |
| Nombre del editor, distribuidor, etc. |
Publicaciones Interamericanas, |
| Fecha de publicación, distribución, etc |
1981. |
| 300 ## - DESCRIPCIÓN FÍSICA |
| Extensión |
191 p. : |
| Otros detalles físicos |
il., retrs. ; |
| Dimensiones |
22 cm. |
| 500 ## - NOTA GENERAL |
| Nota general |
Incluye referencias bibliográficas y notas al pie de las paginas. |
| 505 0# - NOTA DE CONTENIDO |
| Título |
¡Pongámonos de acuerdo! -- |
| -- |
¿Qué motiva a las adolescentes? -- |
| -- |
El cuerpo: maravilloso laboratorio químico -- |
| -- |
Problemas relacionados con la menstruación -- |
| -- |
Y ahora... ¡los varones! -- |
| -- |
Espejismos y realidades -- |
| -- |
¿De dónde vienen los hijos? -- |
| -- |
Los pasos del amor -- |
| -- |
El noviazgo serio -- |
| -- |
Piel y uñas hermosas -- |
| -- |
El cuidado del cabello -- |
| -- |
La belleza del busto -- |
| -- |
Una silueta esbelta y elegante -- |
| -- |
Cómo hacerse querer por la gente -- |
| -- |
Un capítulo vital -- |
| -- |
Las drogas y las adolescentes -- |
| -- |
El sexo artificial -- |
| -- |
Enfermedades que contraerá si juega con fuego -- |
| -- |
Consejos finales -- |
| 590 ## - NOTA LOCAL |
| Texto de la nota local |
Inventariado, 2024/VM |
| 650 #4 - ENCABEZAMIENTO DE MATERIA--TEMÁTICO |
| Término temático o nombre geográfico como elemento de entrada |
Conducta sexual de las mujeres jóvenes |
| 650 #4 - ENCABEZAMIENTO DE MATERIA--TEMÁTICO |
| Término temático o nombre geográfico como elemento de entrada |
Juventud |
| Subdivisión temática general |
Conducta moral |
| 650 #4 - ENCABEZAMIENTO DE MATERIA--TEMÁTICO |
| Término temático o nombre geográfico como elemento de entrada |
Mujeres jóvenes |
| Subdivisión temática general |
Cuidado e higiene |
| 700 1# - ASIENTO SECUNDARIO -- NOMBRE PERSONAL |
| Nombre personal |
Suárez, Juan José |
| Mención de responsabilidad |
traductor |
| 910 ## - VALIDACIÓN |
| Validación |
VMateo V. Control de calidad. BPMSU |
| 942 ## - ADDED ENTRY ELEMENTS (KOHA) |
| Source of classification or shelving scheme |
Dewey Decimal Classification |
| Koha item type |
Libros |